Lịch sử và văn hóa bán đảo Triều Tiên

محفوظ في:
التفاصيل البيبلوغرافية
المؤلف الرئيسي: Nahm, Andrew C.
التنسيق: كتاب
اللغة:Undetermined
منشور في: Hà Nội Văn hóa Thông tin 2005
الموضوعات:
الوسوم: إضافة وسم
لا توجد وسوم, كن أول من يضع وسما على هذه التسجيلة!
Thư viện lưu trữ: Trung tâm Học liệu Trường Đại học Cần Thơ
LEADER 00601nam a2200205Ia 4500
001 CTU_101075
008 210402s9999 xx 000 0 und d
020 |c 65000 
082 |a 951.9 
082 |b N154 
100 |a Nahm, Andrew C. 
245 0 |a Lịch sử và văn hóa bán đảo Triều Tiên 
245 0 |c Andrew C. Nahm ; Nguyễn Kim Dân (biên dịch) 
260 |a Hà Nội 
260 |b Văn hóa Thông tin 
260 |c 2005 
650 |a Korea 
650 |x History,Civilization 
904 |i M.Loan 
980 |a Trung tâm Học liệu Trường Đại học Cần Thơ